Memoir of the operations of the British army in India, (Record no. 552578)

000 -LEADER
fixed length control field 00639cam a22001331 4500
082 ## - DEWEY DECIMAL CLASSIFICATION NUMBER
Classification number 954.03
Author Mark BLA
100 1# - MAIN ENTRY--PERSONAL NAME
Personal name Blacker, Valentine,
9 (RLIN) 49825
245 10 - TITLE STATEMENT
Title Memoir of the operations of the British army in India,
Remainder of title during the Mahratta War of 1817, 1818, & 1819.
Statement of responsibility, etc. Illustrated by maps and topographical plans. By Lieut.-Colonel Valentine Blacker ...
260 ## - PUBLICATION, DISTRIBUTION, ETC.
Place of publication, distribution, etc. London,
Name of publisher, distributor, etc. Black, Kingsbury, Parbury, and Allen,
Date of publication, distribution, etc. 1821.
300 ## - PHYSICAL DESCRIPTION
Extent xxxiii p., 1 l., 494 p.
Other physical details fold. pl. and atlas of fold. pl., 8 maps, 38 (i.e. 37) plans.
Dimensions 28 x 22 cm.
526 ## - STUDY PROGRAM INFORMATION NOTE
Program name 0
Interest level 0
Reading level 0
Title point value 954_030000000000000_BLA
650 #0 - SUBJECT ADDED ENTRY--TOPICAL TERM
Topical term or geographic name entry element Maratha War, 1816-1818.
9 (RLIN) 49826
942 ## - ADDED ENTRY ELEMENTS (KOHA)
Source of classification or shelving scheme
Koha item type Book
Holdings
Withdrawn status Lost status Source of classification or shelving scheme Damaged status Not for loan Permanent Location Current Location Shelving location Date acquired Total Checkouts Full call number Barcode Date last seen Price effective from Koha item type
          Military College of Engineering (MCE) Military College of Engineering (MCE)   01/19/2015   954.03 BLA MCE-ECM/73 01/19/2015 01/19/2015 Book
© 2023 Central Library, National University of Sciences and Technology. All Rights Reserved.